Biochemistry

I tiakina i:
Ngā taipitopito rārangi puna kōrero
Kaituhi matua: Stryer, Lubert (Author)
Hōputu: Pukapuka
Reo:Ingarihi
I whakaputaina: Nueva York W. H. Freeman 1981
Putanga:2a. ed
Ngā marau:
Ngā Tūtohu: Tāpirihia he Tūtohu
Kāore He Tūtohu, Me noho koe te mea tuatahi ki te tūtohu i tēnei pūkete!

MARC

LEADER 00000nam a2200000 a 4500
001 UCG0923
003 CL-VaPUC
008 100415e19810000US |||||||||||||||||eng|d
082 0 4 |a 660.63  |b STR  |2 21 
100 0 |a Stryer, Lubert  |e author  |9 548582 
245 1 0 |a Biochemistry 
250 |a 2a. ed 
300 |a 949 p 
942 |c BK 
945 |d 20100415 00:00:00  |a rbrito 
260 |a Nueva York  |b W. H. Freeman  |c 1981 
650 0 |a Bioquímica   |9 259492 
650 0 |a Metabolismo  |9 259893 
650 7 |a BIOSINTESIS  |2 CL-VaPUC  |9 269567 
650 0 |a Genética  |9 259443 
650 7 |a FISIOLOGIA MOLECULAR  |2 CL-VaPUC  |9 548583 
583 |a last modification  |c 20131230 06:28:20  |k Rodrigo Vera 
999 |c 340411  |d 340409 
952 |0 0  |1 0  |4 0  |6 660_630000000000000_STR_1981  |7 0  |8 A  |9 435160  |a BIBCUR  |b BIBCUR  |d 2019-11-22  |i 4660889  |l 1  |o 660.63 STR 1981  |p 4660889  |r 2025-04-22  |s 2023-04-03  |w 2019-11-22  |y BK  |k QUI